Normal view
MARC view
Entry Topical Term
001 - CONTROL NUMBER
- control field: 19050
003 - CONTROL NUMBER IDENTIFIER
- control field: dpl
005 - DATE AND TIME OF LATEST TRANSACTION
- control field: 20100909104744.0
008 - FIXED-LENGTH DATA ELEMENTS
- fixed length control field: 100909|||a|||||| | ||| d
040 ## - CATALOGING SOURCE
- Original cataloging agency: dpl
- Transcribing agency: dpl
150 ## - HEADING--TOPICAL TERM
- Topical term or geographic name as entry element: children story
670 ## - SOURCE DATA FOUND
- Source citation: Work cat.: (dpl)20274: प्रकाश मनु 1073, नानी-नानी कहो कहानी ! /, 2008
670 ## - SOURCE DATA FOUND
- Source citation: Work cat.: (dpl)20274: प्रकाश मनु 1073, नानी-नानी कहो कहानी ! /, 2008
